Caring for Maria : (Record no. 594611)
[ view plain ]
| 000 -LEADER | |
|---|---|
| fixed length control field | 00829pam a2200229 a 4500 |
| 001 - CONTROL NUMBER | |
| control field | 1597342 |
| 005 - DATE AND TIME OF LATEST TRANSACTION | |
| control field | 20230502151633.0 |
| 008 - FIXED-LENGTH DATA ELEMENTS--GENERAL INFORMATION | |
| fixed length control field | 940527s1994 enk 000 0 eng |
| 010 ## - LIBRARY OF CONGRESS CONTROL NUMBER | |
| LC control number | 94025494 |
| 020 ## - INTERNATIONAL STANDARD BOOK NUMBER | |
| International Standard Book Number | 1852305029 |
| 040 ## - CATALOGING SOURCE | |
| Original cataloging agency | DLC |
| Transcribing agency | DLC |
| Modifying agency | DLC |
| 050 00 - LIBRARY OF CONGRESS CALL NUMBER | |
| Classification number | RC523 |
| Item number | .H49 1994 |
| 082 00 - DEWEY DECIMAL CLASSIFICATION NUMBER | |
| Classification number | 362.1 |
| Edition number | 20 |
| Author Mark | MAR |
| 100 1# - MAIN ENTRY--PERSONAL NAME | |
| Personal name | Heywood, Bernard. |
| 9 (RLIN) | 112036 |
| 245 10 - TITLE STATEMENT | |
| Title | Caring for Maria : |
| Remainder of title | an experience of successfully coping with Alzheimer's disease / |
| Statement of responsibility, etc. | Bernard Heywood. |
| 260 ## - PUBLICATION, DISTRIBUTION, ETC. | |
| Place of publication, distribution, etc. | Shaftesbury, Dorset ; |
| -- | Rockport, Mass. : |
| Name of publisher, distributor, etc. | Element, |
| Date of publication, distribution, etc. | 1994. |
| 300 ## - PHYSICAL DESCRIPTION | |
| Extent | xiv, 217 p. ; |
| Dimensions | 22 cm. |
| 650 #0 - SUBJECT ADDED ENTRY--TOPICAL TERM | |
| Topical term or geographic name entry element | Alzheimer's disease |
| General subdivision | Case studies. |
| 9 (RLIN) | 112037 |
| 906 ## - LOCAL DATA ELEMENT F, LDF (RLIN) | |
| a | 7 |
| b | cbc |
| c | orignew |
| d | 1 |
| e | ocip |
| f | 19 |
| g | y-gencatlg |
| 942 ## - ADDED ENTRY ELEMENTS (KOHA) | |
| Source of classification or shelving scheme | |
| Koha item type | Book |
| Withdrawn status | Lost status | Source of classification or shelving scheme | Damaged status | Not for loan | Permanent Location | Current Location | Shelving location | Date acquired | Total Checkouts | Full call number | Barcode | Date last seen | Price effective from | Koha item type |
|---|---|---|---|---|---|---|---|---|---|---|---|---|---|---|
| School of Mechanical & Manufacturing Engineering (SMME) | School of Mechanical & Manufacturing Engineering (SMME) | Fiction | 05/02/2023 | 362.1 MAR | SMME-3837 | 05/02/2023 | 05/02/2023 | Book |
